000 01316nam a2200361 i 4500
003 EG-GICUC
005 20260121101429.0
008 251204s2002 ua ||||fr|||| 000 0 ara d
017 _a2002/1980
020 _a977-04-3686-0
040 _a EG-GICUC
_bara
_c EG-GICUC
_d EG-GICUC
_erda
041 _aara
082 0 4 _221
_a343.656
_bح ا . إ
092 0 4 _221
099 _aLaw1 10 343.656 ح ا . إ 1 ed - 2002
100 0 _aحاتم عبدالرحمن منصور الشحات ,
_eمؤلف.
245 1 2 _aالإجرام المعلوماتي /
_cحاتم عبدالرحمن منصور الشحات.
250 _aالطبعة الاولى
264 1 _aالقاهرة :
_bدار النهضة العربية,
_c2002.
300 _a181 صفحة ؛
_c24 سم
336 _2rda content
_atext
337 _2rda media
_aComputer
338 _2rda carrier
_aOnline Resource
504 _a. 177-167ببليوجرافيا: صفحات.
546 _aالنص باللغة العربية
650 1 4 _aصور أخرى من الإجرام
_2qrmak
650 1 4 _aالتشريعات المتعلقة بتقنية المعلومات
650 1 4 _aعلم الإجرام
651 1 _2qrmak
856 4 0 _uhttps://fll.law.cu.edu.eg/fulltext/bks/B10-06746.pdf
905 _a79
_eHassnaa
942 _2ddc
_cBK
_e21
_n0
999 _c48316
_d48316